Фактурирование поверхностей в дизайне; Известия вузов. Физика; Т. 56, № 7-2

Detalhes bibliográficos
Parent link:Известия вузов. Физика: научный журнал/ Национальный исследовательский Томский государственный университет (ТГУ).— , 1957-
Т. 56, № 7-2.— 2013.— [С. 345-349]
Autor principal: Соколов А. П. Александр Петрович
Autor Corporativo: Национальный исследовательский Томский политехнический университет (ТПУ)
Outros Autores: Кухта М. С. Мария Сергеевна
Resumo:Заглавие с экрана
Выявлены эстетические преимущества фактурирования поверхностей, выполненных с помощью различных технологий. Предложены рекомендации по выбору технологии фактурирования поверхностей, учитывающие специфику арт-объектов в дизайне.
Режим доступа: по договору с организацией-держателем ресурса
Idioma:russo
Publicado em: 2013
Assuntos:
Acesso em linha:http://elibrary.ru/item.asp?id=21115207
Formato: MixedMaterials Recurso Electrónico Capítulo de Livro
KOHA link:https://koha.lib.tpu.ru/cgi-bin/koha/opac-detail.pl?biblionumber=648392

MARC

LEADER 00000naa0a2200000 4500
001 648392
005 20250221095338.0
035 |a (RuTPU)RU\TPU\network\13549 
090 |a 648392 
100 |a 20160518d2013 k||y0rusy50 ca 
101 0 |a rus 
102 |a RU 
135 |a drcn ---uucaa 
181 0 |a i  
182 0 |a b 
200 1 |a Фактурирование поверхностей в дизайне  |f А. П. Соколов, М. С. Кухта 
203 |a Текст  |c электронный 
300 |a Заглавие с экрана 
320 |a [Библиогр.: 9 назв.] 
330 |a Выявлены эстетические преимущества фактурирования поверхностей, выполненных с помощью различных технологий. Предложены рекомендации по выбору технологии фактурирования поверхностей, учитывающие специфику арт-объектов в дизайне. 
333 |a Режим доступа: по договору с организацией-держателем ресурса 
461 |t Известия вузов. Физика  |o научный журнал  |f Национальный исследовательский Томский государственный университет (ТГУ)  |d 1957- 
463 |t Т. 56, № 7-2  |v [С. 345-349]  |d 2013 
610 1 |a электронный ресурс 
610 1 |a труды учёных ТПУ 
610 1 |a материалы 
610 1 |a фактура 
610 1 |a текстура 
610 1 |a цвет 
610 1 |a арт-объекты 
700 1 |a Соколов  |b А. П.  |c специалист в области машиностроения  |c доцент Томского политехнического университета, кандидат технических наук  |f 1956-  |g Александр Петрович  |3 (RuTPU)RU\TPU\pers\26503  |9 12205 
701 1 |a Кухта  |b М. С.  |c специалист в области промышленного дизайна  |c профессор Томского политехнического университета, доктор философских наук  |f 1963-  |g Мария Сергеевна  |3 (RuTPU)RU\TPU\pers\28641  |9 13457 
712 0 2 |a Национальный исследовательский Томский политехнический университет (ТПУ)  |c (2009- )  |3 (RuTPU)RU\TPU\col\15902 
801 2 |a RU  |b 63413507  |c 20160518  |g RCR 
856 4 |u http://elibrary.ru/item.asp?id=21115207 
942 |c CF